Developments in Information and Knowledge Management Systems for Business Applications
Gespeichert in:
| Format: | Buch |
|---|---|
| Sprache: | Englisch |
| Veröffentlicht: |
Cham
Springer Nature Switzerland
2025
|
| Ausgabe: | 1st Edition |
| Schlagworte: | |
| Tags: |
Keine Tags, Fügen Sie das erste Tag hinzu!
|
MARC
| LEADER | 00000nlm a2200000 4500 | ||
|---|---|---|---|
| 001 | 0307558 | ||
| 005 | 20250729115824.2 | ||
| 020 | |a 978-3-031-80935-4 | ||
| 022 | |a 2198-4190 (Electronic) | ||
| 041 | 0 | |a eng | |
| 044 | |a CH | ||
| 245 | 1 | 0 | |a Developments in Information and Knowledge Management Systems for Business Applications |
| 250 | |a 1st Edition | ||
| 264 | 1 | |a Cham |b Springer Nature Switzerland |c 2025 | |
| 300 | |a 668 s. | ||
| 610 | 2 | 0 | |a systémy informačné manažérske |
| 610 | 2 | 0 | |a manažment znalostný |
| 610 | 2 | 0 | |a báza dát |
| 610 | 2 | 0 | |a podnikanie |
| 610 | 2 | 0 | |a podnik |
| 610 | 2 | 0 | |a báza znalostí |